000 00454nam a2200181Ia 4500
005 20240823005513.0
008 240823s9999||||xx |||||||||||||| ||und||
041 _aENGLISH
082 _A005.133 N8
100 _aWinslow M etal
245 0 _aVisual Basic 5 Super bible Vol 2
250 _a1st
260 _c1998
_b"Techmedia,New Delhi"
500 _aTRANSFERED
650 _aVisual Basic
_bInformation Technology
942 _cBK
999 _c155912
_d155912